00825nam a22002417a 4500999001700000003000500017005001700022008004100039020001400080040001900094082002400113100003600137245005100173250001200224260004900236300003400285500005000319538003400369650003200403856002600435942001300461952010900474 c23471d23471Nust20170519122153.0131101b xxu||||| |||| 00| 0 eng d cAvailable aDLCbDLCcRCMS 23rd,ed.a311.21 COC aCochran, William Gemmell.91209 aSampling techniquescWilliam Gemmell, Cochran. a3rd,ed. aIslamabadbNational Book Foundation cc1963. axvi, 428 p. :bill. ;c24 cm. aIncludes bibliographical references and index iShelf # 13, Row # 2, Fiction. aSampling (Statistics)91210 3Table of Content Only 2ddccFIC 00102ddc40708FICaRCMSbRCMScFICd2013-11-01l0o311.21COCpRCMS000862r2013-11-01w2013-11-01yFIC